विशव के पक्षी/ (Record no. 198712)
[ view plain ]
| 000 -LEADER | |
|---|---|
| fixed length control field | 00974nam a22001937a 4500 |
| 005 - DATE AND TIME OF LATEST TRANSACTION | |
| control field | 20231005161949.0 |
| 010 ## - LCCN (DPL NO) | |
| LC control number | B-755697 CHHN 23.8.23 |
| 020 ## - INTERNATIONAL STANDARD BOOK NUMBER | |
| International Standard Book Number | 97881925872124 |
| Terms of availability | 795.00 |
| 035 ## - SYSTEM CONTROL NUMBER | |
| System control number | B-755697 |
| 037 ## - SOURCE OF ACQUISITION | |
| Stock number | सुरेंदर सिंह एण्ड कम्पनी |
| 082 ## - DEWEY DECIMAL CLASSIFICATION NUMBER | |
| Classification number | क |
| 100 ## - MAIN ENTRY--PERSONAL NAME | |
| Personal name | दुगेन्द्र सिंह |
| 245 ## - TITLE STATEMENT | |
| Title | विशव के पक्षी/ |
| Statement of responsibility, etc | दुगेन्द्र सिंह |
| 260 ## - PUBLICATION, DISTRIBUTION, ETC. (IMPRINT) | |
| Place of publication, distribution, etc | उत्तर प्रदेश |
| Name of publisher, distributor, etc | सुरेंदर सिंह एण्ड कम्पनी |
| Date of publication, distribution, etc | 2021 |
| 270 ## - ADDRESS | |
| Address | सेहबरपुर, रतनपुरा,मऊ |
| City | उत्तर प्रदेश |
| Postal code | 221706 |
| 300 ## - PHYSICAL DESCRIPTION | |
| Extent | 168पृ.: |
| Other physical details | सचित्र |
| Dimensions | 21सेमी(साज्लिद) |
| 942 ## - ADDED ENTRY ELEMENTS (KOHA) | |
| Source of classification or shelving scheme | Dewey Decimal Classification |
| Item type | Children Books |
| Classification part | क |
| Call number suffix | विशव |
| Withdrawn status | Lost status | Not for loan | Collection code | Home library | Current library | Date acquired | Source of acquisition | Cost, normal purchase price | Full call number | Barcode | Copy number | Cost, replacement price | Koha item type |
|---|---|---|---|---|---|---|---|---|---|---|---|---|---|
| Fiction | Patel Nagar | Patel Nagar | 05/10/2023 | उपहार/23.8.23 | 795.00 | क विशव | B-755697 | 1 | 795.00 | Children Books |
